|
|
|
|
| LEADER |
01365nam a2200325 4500 |
| 001 |
000004066 |
| 003 |
194 |
| 005 |
20121211001245.0 |
| 008 |
110714s1976 viesd |
| 020 |
|
|
|c 20000
|
| 041 |
0 |
|
|a vie
|
| 082 |
|
|
|a 891.71
|b CO-M
|
| 100 |
1 |
|
|a Maia Côpxki
|
| 245 |
1 |
0 |
|a Maiacôpxki con người, cuộc đời và thơ
|b Tuyển dịch thơ, văn, kịch
|c Hoàng Ngọc Hiến
|
| 260 |
|
|
|a H.
|b Đại học và trung học chuên nghiệp
|c 1976
|
| 300 |
|
|
|a 603 tr.
|b ảnh
|c 19 cm.
|
| 500 |
|
|
|a Giới thiệu về con người, cuộc đời và thơ văn của Maiacôpxki: tuyển dịch thơ văn, kịch của ông, đặc biệt là thơ trữ tình và thơ trào phúng, những bài tiểu luận, bài báo, bài phát biểu ý kiến của Maiacôpxki
|
| 653 |
|
|
|a Văn học Xô Viết
|
| 653 |
|
|
|a Maiacôpxki, Vladimia, 1893-1930
|
| 910 |
|
|
|a Thi
|d 14/7/2011
|
| OWN |
|
|
|a LSP
|
| AVA |
|
|
|a UDN50
|b LSP
|d 891.71 CO-M
|e unavailable
|t Error 5002 Not defined in file expand_doc_bib_avail.
|f 1
|g 1
|h N
|i 0
|k 1
|
| 999 |
|
|
|a From the UDN01
|
| AVA |
|
|
|a UDN50
|b LSP
|d 891.71 CO-M
|e unavailable
|t Error 5002 Not defined in file expand_doc_bib_avail.
|f 1
|g 1
|h N
|i 0
|k 1
|
| TYP |
|
|
|a Monograph
|
| TYP |
|
|
|a Printed language
|
| 980 |
|
|
|a Mạng thư viện Đại học Đà Nẵng
|